| 000 | 00439cam a2200169ua 4500 | ||
|---|---|---|---|
| 020 |
_a81 204 0004 6 _c59.00 |
||
| 041 |
_aeng _h |
||
| 082 |
_a551 _bASW/PRI |
||
| 100 | _aAswatha narayana, U . | ||
| 245 |
_aPrinciples of nuclear geology / _cU.Aswatha narayana. _hTextual Documents |
||
| 260 |
_aNewdelhi : _bOxonian press , _c1985. |
||
| 300 | _a397 ; . | ||
| 365 | _a59.00 | ||
| 504 | _a | ||
| 942 | _cBK | ||
| 999 |
_c12073 _d12073 |
||